Chémia pre 9. ročník základných deväťročných škôl /

Hlavní autor: Pauková, Marie, 1906-1977
Další autoři: Otčenášek, Ladislav, Hájek, Bohumil, 1927-
Jazyk: Slovenština
Vydáno: Bratislava : Slovenské pedagogické nakladateľstvo, 1970
Vydání: 5. vyd.
Fyzický popis: 161 s. + 1 l.
Knihy
Uloženo v:
LEADER 00813nam a2200217 a 4500
001 000617604
003 CZ BrMZK
005 20140206142356.0
007 ta
008 020819s1970 xo f slo d
040 |a BOA001  |b cze  |c BOA001 
100 1 |a Pauková, Marie,  |d 1906-1977  |7 jk01091956  |4 aut 
245 1 0 |a Chémia pre 9. ročník základných deväťročných škôl /  |c Marie Pauková, Bohumil Hájek, Ladislav Otčenášek 
250 |a 5. vyd. 
260 |a Bratislava :  |b Slovenské pedagogické nakladateľstvo,  |c 1970 
300 |a 161 s. +  |e 1 l. 
700 1 |a Otčenášek, Ladislav  |7 jx20040615053  |4 aut 
700 1 |a Hájek, Bohumil,  |d 1927-  |7 jk01033032  |4 aut 
910 |a BOA001  |b 2-0495.363-70 
990 |a BK 
996 7 |b 2619055569  |c 2-0495.363-70  |l MZK  |r Sklad / do 24 hodin  |n 0  |w 000617604  |u 000010  |a 1  |e BOA001  |j MZK50  |s A